000 00625nam a2200241Ia 4500
003 OSt
005 20220924122617.0
006 a|||||r|||| 00| 0
007 ta
008 220923b |||||||| |||| 00| 0 per d
024 _a257395
037 _cTextual
040 _aARTS
_cARTS
_bper
041 _2per
_aper
082 _aO164,1MAH,1, A3
100 _aAhasan Au.
_9190084
245 0 _aAaina-e-husn
260 _aLucknow
_bAli Khan Khana India
_c1873
300 _a32p.
_ccm.
650 _aPERSIAN POETRY
942 _hO164,1MAH,1, A3
_cTEXL
_2CC
999 _c412359
_d412359